5 to 1: Sporcle Quiz Stats

 Plays Quiz Updated Jul 21, 2018

Challenge
Share
Tweet
Embed
Score 0/15 Timer 03:00
18 Plays Today
% Correct
Century
90.4%
Elements
88.6%
Geology
86.2%
Year
85.5%
Discovery
79.3%
Border
78.2%
Population
77.8%
Musical
77.5%
% Correct
Topography
76.7%
Nation
75.6%
Flags
68.6%
Show
67.3%
Math
64.9%
Clip
58.1%
Art
54.5%

You're not logged in!

Compare scores with friends on all Sporcle quizzes.
OR
Log In

You Might Also Like...

Show Comments

Extras

Top Quizzes Today


Score Distribution

Your Account Isn't Verified!

In order to create a playlist on Sporcle, you need to verify the email address you used during registration. Go to your Sporcle Settings to finish the process.

Report this User

Report this user for behavior that violates our Community Guidelines.

Details: